000 00585nam a2200181 i 4500
001 129131
003 ES-MaACL
005 20230906193437.0
007 t|
008 070606s1939 mr ||||1| spa d
100 1 _aMolina, Tirso de,
_d1579-1648
_9226522
245 1 3 _aLa toma de la Mamora
_b: relatada por Tirso de Molina /
_cpor Guillermo Guastavino Gallent.
260 _aLarache :
_bMiguel Boscá,
_c1939.
300 _a19 p. :
_bil. ;
_c25 cm.
700 1 _aGuastavino Gallent, Guillermo.
_960369
852 _aES-MaACL
_j1744-F-24
_bR.18402
999 _c129131
_d129131